| 000 | 01764cam a22003375a 4500 | ||
|---|---|---|---|
| 999 |
_c27395 _d27366 |
||
| 001 | 19975567 | ||
| 005 | 20190418140118.0 | ||
| 008 | 170905s2018 nyua frb 001 0 eng d | ||
| 010 | _a 2017038335 | ||
| 020 | _a9781433150036 (softcover : alk. paper) | ||
| 040 |
_aDLC _beng _cDLC _dDLC _dEG-ScBUE |
||
| 042 | _apcc | ||
| 043 | _an-us--- | ||
| 082 | 0 | 4 |
_a071.3 _bPOI _222 |
| 100 | 1 | _aPoindexter, Paula Maurie. | |
| 245 | 1 | 0 |
_aMillennials, news, and social media : _bis news engagement a thing of the past? / _cPaula M. Poindexter. |
| 250 | _a2nd ed., Revised and updated. | ||
| 260 |
_aNew York : _bPeter Lang, _c2018. |
||
| 300 |
_axx, 216 p. ; _c23 cm. |
||
| 504 | _aIncludes bibliographical references and index. | ||
| 505 | 0 | _aSociety without news consumers? -- Why millennials aren't into news -- How millennials really feel about news and coverage of their generation -- Too busy for news; unlimited time for social media on smartphones -- Race and ethnicity, gender, and political identity in millennial news and social media engagement -- Post-millennials and the future of news engagement -- Engaging millennials with news in a mobile-first, social media world: It's not too late, yet. | |
| 520 | _aThe Nordic PhD: Surviving and succeeding is an edited book written for prospective and current doctoral students by a mix of doctoral students and those who have recently completed their doctorates. | ||
| 650 | 7 |
_aNews audiences _zUnited States _xHistory _y21st century. _2BUEsh |
|
| 650 | 7 |
_aGeneration Y. _2BUEsh |
|
| 650 | 7 |
_aJournalism _zUnited States _xHistory _y21st century. _2BUEsh |
|
| 650 | 7 |
_aSocial media _zUnited States _xHistory. _2BUEsh |
|
| 651 | _2BUEsh | ||
| 653 |
_bCOMAME _cApril2019 |
||
| 655 | _vReading book | ||
| 942 | _2ddc | ||